000 01010nam0a22002411i 4500
001 rc\3805831
005 20240726010342.0
021 _aRU
_b[75-17768а]
035 _a(NLR Aleph) 007250005
090 _a5195021
_c5195021
100 _a20120311d1975 |||y0rusy50 ca
101 0 _arus
102 _aRU
105 _ay d |||||
200 1 _aПовышение производительности труда на молочных фермах
_e(На материалах совхозов Донецкой обл.)
_eАвтореф. дис. на соиск. учен. степени канд. экон. наук
_e(08.00.05)
_fХарьк. с.-х. ин-т им. В.В. Докучаева
210 _aХарьков
_d1975
215 _a24 с.
320 _aСписок работ авт. в конце текста (7 назв.)
700 1 _aЛяшок
_bА.Л.
_gАлександр Лаврентьевич
801 0 _aRU
_bNLR
_gpsbo
801 1 _aRU
_bELAR
_2rusmarc
852 _aNLR
_j75-6/5500
942 _cBOOK